Szczegóły MARC21

Limitowanie produkcji w ustawodawstwie rolnym Wspólnoty Europejskiej na przykładzie kwot mlecznych /

003 -Nazwa inst., której nr kontr. jest w polu 001 [,]
    • @
    • Nazwa instytucji, której n kontrolny jest w polu 001
    • NUKAT
005 -DATA I CZAS OSTATNIEJ MODYFIKACJI [,]
    • @
    • pole kontrolne
    • 20250315000338.0
020 -Międzynarod. znormalizowany nr książki - ISBN [ , ]
    • a
    • Numer ISBN
    • 8388495046 Find
040 -Instytucja sporządzająca opis [ , ]
    • a
    • Instytucja, która sporządziła opis (NP)
    • OLSZT 003/HP
    • c
    • Instytucja, która sporządziła rekord (NP)
    • OLSZT 003/HP
    • d
    • Instytucja, która zmodyfikowała rekord (P)
    • OLSZT 003/NZ
    • d
    • Instytucja, która zmodyfikowała rekord (P)
    • OLSZT 003/DSs
942 -Rodzaj dokumentu [ , ]
    • c
    • Rodzaj dokumentu
    • Książka
100 -Hasło główne - nazwa osobowa [1, ]
    • a
    • Nazwa osobowa (NP)
    • Tomkiewicz, Elżbieta.
    • 9
    • KHW
    • 14758
245 -Strefa tytułu i oznaczenia odpowiedzialności [1,0]
    • a
    • Tytuł
    • Limitowanie produkcji w ustawodawstwie rolnym Wspólnoty Europejskiej na przykładzie kwot mlecznych / Find
    • c
    • Pozostałe elementy strefy tytułu i oznaczenia odpowiedzialności (NP)
    • Elżbieta Tomkiewicz ; [Fundacja Promocji Prawa Europejskiego].
250 -Strefa wydania [ , ]
    • a
    • Oznaczenie wydania (NP)
    • Stan prawny na dzień 31 marca 2000 r.
260 -Strefa adresu wydawniczego [ , ]
    • a
    • Miejsce wydania (P)
    • Warszawa :
    • b
    • Nazwa wydawcy (P)
    • Wydawnictwo Naukowe "Scholar",
    • c
    • Data wydania (P)
    • 2000.
300 -Strefa opisu fizycznego [ , ]
    • a
    • Określenie formy książki i/lub objętość (NP)
    • 314 s. ;
    • c
    • Format (NP)
    • 21 cm.
336 -Typ zawartości [ , ]
    • a
    • Termin opisujący typ zawartości
    • Tekst
    • b
    • Kod określający zawartość
    • txt
    • 2
    • Źródło (terminu i kodu)
    • rdacontent
337 -Typ mediów [ , ]
    • a
    • Tryb odtwarzania
    • Bez urządzenia pośredniczącego
    • b
    • Kod typu mediów
    • n
    • 2
    • Źródło (terminu i kodu)
    • rdamedia
338 -Typ/rodzaj nośnika [ , ]
    • a
    • Hasło opisujące typ nośnika
    • Wolumin
    • b
    • Kod typu nośnika
    • nc
    • 2
    • Źródło (terminu i kodu)
    • rdacarrier
380 -Deskryptor - Forma dzieła (P) [ , ]
    • a
    • forma dzieła (NP)
    • Książki
504 -Uwaga dot. bibliogr. załącznikowej [ , ]
    • a
    • Uwaga dot. bibliografii załącznikowej
    • Bibliogr. s. 291-314.
080 -Uniwersalna Klasyfikacja Dziesiętna [ , ]
    • a
    • Symbol klasyfikacji
    • 349.42
    • 2
    • Identyfikator wydania tablic
    • UDC-P058
    • 9
    • UKD
    • 3602
    • b
    • Dopowiedzenie
    • Prawo agrarne. Prawo rolne. Prawo gruntowe.
    • 4
    • UKD2
    • 7975
    • x
    • Poddział wspólny
    • (4-67)
    • c
    • Dopowiedzenie poddz. wspólnego
    • (Kraje Unii Europejskiej).
080 -Uniwersalna Klasyfikacja Dziesiętna [ , ]
    • a
    • Symbol klasyfikacji
    • 338.43
    • 2
    • Identyfikator wydania tablic
    • UDC-P058
    • 9
    • UKD
    • 3235
    • b
    • Dopowiedzenie
    • Rolnictwo jako dział gospodarki. Gospodarka żywnościowa. Ekonomika rolnictwa. Polityka rolna.
    • 4
    • UKD2
    • 7975
    • x
    • Poddział wspólny
    • (4-67)
    • c
    • Dopowiedzenie poddz. wspólnego
    • (Kraje Unii Europejskiej).
080 -Uniwersalna Klasyfikacja Dziesiętna [ , ]
    • a
    • Symbol klasyfikacji
    • 338.242
    • 2
    • Identyfikator wydania tablic
    • UDC-P058
    • 9
    • UKD
    • 3220
    • b
    • Dopowiedzenie
    • Zarządzanie i kierowanie gospodarką w systemie wolnorynkowym (rynkowym). Ingerencja państwa w życie gospodarcze. Interwencjonizm państwa w gospodarkę. Stabilizacja gospodarki. Wolność gospodarcza.
    • 4
    • UKD2
    • 7975
    • x
    • Poddział wspólny
    • (4-67)
    • c
    • Dopowiedzenie poddz. wspólnego
    • (Kraje Unii Europejskiej).
650 -Hasło przedmiotowe [ ,7]
    • a
    • Hasło przedmiotowe
    • Mleczarstwo
    • 2
    • Źródło terminu
    • DBN
    • 9
    • KHW
    • 743384
650 -Hasło przedmiotowe [ ,7]
    • a
    • Hasło przedmiotowe
    • Polityka rolna
    • 2
    • Źródło terminu
    • DBN
    • 9
    • KHW
    • 725678
650 -Hasło przedmiotowe [ ,7]
    • a
    • Hasło przedmiotowe
    • Prawo rolne
    • 2
    • Źródło terminu
    • DBN
    • 9
    • KHW
    • 725440
650 -Hasło przedmiotowe [ ,7]
    • a
    • Hasło przedmiotowe
    • Prawo Unii Europejskiej
    • 2
    • Źródło terminu
    • DBN
    • 9
    • KHW
    • 723646
650 -Hasło przedmiotowe [ ,7]
    • a
    • Hasło przedmiotowe
    • Polityka rolna
    • z
    • Określnik geograficzny
    • Kraje Unii Europejskiej.
    • 2
    • Źródło terminu
    • kaba
    • 9
    • KHW
    • 124681
650 -Hasło przedmiotowe [ ,7]
    • a
    • Hasło przedmiotowe
    • Prawo europejskie.
    • 2
    • Źródło terminu
    • kaba
    • 9
    • KHW
    • 125763
650 -Hasło przedmiotowe [ ,7]
    • a
    • Hasło przedmiotowe
    • Prawo rolne
    • z
    • Określnik geograficzny
    • Kraje Unii Europejskiej.
    • 2
    • Źródło terminu
    • kaba
    • 9
    • KHW
    • 468958
650 -Hasło przedmiotowe [ ,7]
    • a
    • Hasło przedmiotowe
    • Przemysł mleczarski
    • z
    • Określnik geograficzny
    • Kraje Unii Europejskiej.
    • 2
    • Źródło terminu
    • kaba
    • 9
    • KHW
    • 597904
980 -Symbol UKD [ , ]
    • a
    • UKD
    • 349.42:338.43:338.242](4-67)
920 -ISBN [ , ]
    • a
    • ISBN
    • 83-88495-04-6 Find
Numer inwentarzowy Status udost. Data inwentaryzacji Lokalizacja
CDE.100812003-04-10BG
T.9831-32008-02-19T